000 00453ntaaa2200181 4500
003 01
005 20251027201457.0
008 0714s1973 ag 01
040 _aAR-BaBN
_bspa
_cAR-BaBN
_eaacr
_dRIC
082 _a226.6000 M34
100 _aMarrs, Frank
_913342
245 _aCatecismo sobre los Hechos de los Apóstoles
250 _a1 ed. :
_bC.B.P.,
_c1947
300 _a132 p.
650 _aBiblia-N.T.-Hechos
650 _aHechos
_94398
942 _cBK
999 _c9329
_d9329